[Event "Skalica Schaeffler op"]
[Site "Skalica"]
[Date "2020.08.23"]
[Round "1"]
[White "Kadlcik, Marek"]
[Black "Rakovsky, Jakub"]
[Result "0-1"]
[WhiteElo "1282"]
[BlackElo "1654"]
[PlyCount "66"]
[EventDate "2020.08.23"]
[EventType "swiss"]
[EventRounds "9"]
[EventCountry "SVK"]
[SourceTitle "CBM 198 Extra"]
[Source "ChessBase"]
[SourceDate "2020.11.30"]
[SourceVersion "1"]
[SourceVersionDate "2020.11.30"]
[SourceQuality "1"]

1. Nf3 Nf6 2. d4 d5 3. Bf4 c5 4. c3 Bf5 5. e3 Nc6 6. h3 e6 7. Bb5 Qb6 8. Bxc6+ bxc6 9. Qe2 c4 10. 0-0 Bd3 11. Qd2 Ne4 12. Qc1 Bxf1 13. Kxf1 Bd6 14. Bxd6 Nxd6 15. Nbd2 0-0 16. g4 h6 17. g5 hxg5 18. Nxg5 Qd8 19. h4 Nf5 20. Ndf3 Nxh4 21. Ke2 Nxf3 22. Nxf3 Qf6 23. Qh1 Qg6 24. Rg1 Qd3+ 25. Ke1 Rab8 26. Ne5 Qb1+ 27. Ke2 Rxb2+ 28. Kf3 Qf5+ 29. Kg3 Qxf2+ 30. Kh3 Qxe3+ 31. Nf3 Rf2 32. Rg3 Qh6+ 33. Nh4 g5 0-1

[Event "Skalica op"]
[Site "Skalica"]
[Date "2020.01.11"]
[Round "3"]
[White "Brunovsky, Peter"]
[Black "Kadlcik, Marek"]
[Result "1-0"]
[WhiteElo "1912"]
[BlackElo "1258"]
[PlyCount "98"]
[EventDate "2020.01.11"]
[EventType "swiss"]
[EventRounds "9"]
[EventCountry "SVK"]
[SourceTitle "CBM 194 Extra"]
[Source "ChessBase"]
[SourceDate "2020.03.31"]
[SourceVersion "1"]
[SourceVersionDate "2020.03.31"]
[SourceQuality "1"]

1. d4 Nf6 2. Nf3 d5 3. Bf4 Bf5 4. e3 e6 5. Bd3 Bxd3 6. Qxd3 Bd6 7. Bg5 Be7 8. Nbd2 Nbd7 9. 0-0 0-0 10. c3 c5 11. h3 a6 12. a4 Qc7 13. Bf4 Qb6 14. Rfb1 Bd6 15. Ne5 Rfd8 16. Ndf3 c4 17. Qc2 Nf8 18. Ng5 Rd7 19. Nxd7 N8xd7 20. Nf3 Bxf4 21. exf4 Ne4 22. Ne5 Ndf6 23. f3 Nd6 24. g4 Qd8 25. b3 g6 26. bxc4 Nxc4 27. Nxc4 dxc4 28. Rxb7 Qd5 29. Rab1 Qxf3 30. Rb8+ Rxb8 31. Rxb8+ Kg7 32. f5 Ne4 33. fxe6 fxe6 34. Qg2 Qf4 35. Rb7+ Kf6 36. Qf1 g5 37. Qxf4+ gxf4 38. Rxh7 Nxc3 39. Rc7 Ne2+ 40. Kf2 Nxd4 41. Rxc4 e5 42. h4 Ne6 43. Rc6 Kf7 44. Rxa6 Nc5 45. Ra7+ Kg6 46. a5 e4 47. Rc7 Nd3+ 48. Ke2 Ne5 49. a6 Nc4 1-0